| 000 | 00261 a2200085 4500 | ||
|---|---|---|---|
| 100 | 1 |
_aGurvic, E. A.. _eAutor |
|
| 245 | 0 |
_aSintez polisinchronnych diskretnych ustrojstv / _cGurvic E. A.. |
|
| 710 | 2 |
_aSvjaz'. _eWydawca _4pbl |
|
| 260 |
_aMoskva : _bSvjaz', _c1969. |
||
| 300 |
_a173 s.; _c25 cm. |
||
| 999 |
_c5973 _d5973 |
||